Safety evaluation of multiple strategies at stop-controlled intersections /

Bibliographic Details
Main Author: Le, Thanh (Highway engineer) (Author)
Corporate Authors: United States. Federal Highway Administration (sponsoring body.), VHB/Vanasse Hangen Brustlin, Inc, Persaud Lyon, Inc
Other Authors: Amjadi, Roya (Contributor)
Format: Government Document eBook
Language:English
Published: McLean, VA : U.S. Department of Transportation, Federal Highway Administration, Research, Development, and Technology, Turner-Fairbank Highway Research Center, January 2018.
Subjects:
Online Access:https://purl.fdlp.gov/GPO/gpo91940

MARC

Tag First Indicator Second Indicator Subfields
LEADER 00000cam a2200000Ii 4500
001 in00004030213
005 20181023093745.0
006 m o d f
007 cr mn|||||||||
008 180525e201801 dcua obt f000 0 eng d
035 |a (OCoLC)on1037565242 
040 |a GPO  |b eng  |e rda  |e pn  |c GPO  |d MvI  |d UtOrBLW 
043 |a n-us-sc 
049 |a WWW 
074 |a 0982-G-11 (online) 
086 0 |a TD 2.30:17-086 
088 |a FHWA-HRT-17-086 
088 |a HRDS-20/01-18(200)E 
100 1 |a Le, Thanh  |c (Highway engineer),  |e author.  |0 http://id.loc.gov/authorities/names/no2018060090 
245 1 0 |a Safety evaluation of multiple strategies at stop-controlled intersections /  |c Thanh Le [and four others]. 
264 1 |a McLean, VA :  |b U.S. Department of Transportation, Federal Highway Administration, Research, Development, and Technology, Turner-Fairbank Highway Research Center,  |c January 2018. 
300 |a 1 online resource (ix, 88 pages) :  |b illustrations (some color) 
336 |a text  |b txt  |2 rdacontent 
337 |a computer  |b c  |2 rdamedia 
338 |a online resource  |b cr  |2 rdacarrier 
500 |a "January 2018." 
500 |a "Publication number FHWA-HRT-17-086." 
500 |a "HRDS-20/01-18(200)E"--Page 4 of cover. 
500 |a "FHWA Office of Safety Research and Development managed this study under the Development of Crash Modification Factors program. The FHWA Office of Safety Research and Development Program and Task Manager was Roya Amjadi (HRDS-20)"--Technical report documentation page. 
536 |a Sponsored by the Federal Highway Administration under contract number  |b DTFH61-13-D-00001 
513 |a Safety Evaluation Final Report;  |b October 2010-September 2017. 
504 |a Includes bibliographical references (pages 87-88). 
588 |a Description based on online resource, PDF version; title from technical report documentation page (FHA, viewed April 16, 2018). 
650 0 |a Roads  |x Interchanges and intersections  |x Safety measures.  |0 http://id.loc.gov/authorities/subjects/sh2006000861 
650 0 |a Stop signs  |z South Carolina. 
650 0 |a Road markings  |z South Carolina. 
650 0 |a Traffic accidents  |z South Carolina. 
655 7 |a Technical reports.  |2 lcgft  |0 http://id.loc.gov/authorities/genreForms/gf2015026093 
700 1 |a Amjadi, Roya,  |e contributor.  |0 http://id.loc.gov/authorities/names/no2018122275 
710 2 |a Turner-Fairbank Highway Research Center,  |e issuing body.  |0 http://id.loc.gov/authorities/names/n82270079 
710 1 |a United States.  |b Federal Highway Administration,  |e sponsoring body.  |0 http://id.loc.gov/authorities/names/n79032921 
710 2 |a VHB/Vanasse Hangen Brustlin, Inc.  |0 http://id.loc.gov/authorities/names/n98099142 
710 2 |a Persaud Lyon, Inc.  |0 http://id.loc.gov/authorities/names/no2009047326 
776 0 8 |i Print version:  |a Le, Thanh, (Highway engineer).  |t Safety evaluation of multiple strategies at stop-controlled intersections  |w (OCoLC)1023627623 
856 4 0 |u https://purl.fdlp.gov/GPO/gpo91940  |t 0 
999 f f |s b1cf16db-48d3-3370-af54-e8ed9b559598  |i bc0656db-1ef1-3c33-9157-aab7dab28e7c  |t 0 
952 f f |a Texas A&M University  |b College Station  |c Electronic Resources  |d Available Online  |t 0  |e TD 2.30:17-086  |h Superintendent of Documents classification 
998 f f |a TD 2.30:17-086  |t 0  |l Available Online